000 00700nam a2200217Ia 4500
003 GCL
008 140319s9999 xx 000 0 ara d
040 _aGCL /
_cGCL
082 0 4 _aق
_b962.054
_bف ف
100 1 _aفاروق هاشم
245 1 0 _aفريدة ملكة مصر تروى اسرار الحب والحكم /
_cفاروق هاشم
260 _aالقاهرة :
_bدارالشروق ،
_c1993
300 _a214 ص ؛
_c24 سم
490 _a
650 0 4 _aالملوك والحكام
650 0 4 _aالملكات
650 0 4 _aالملوك المصريون
650 0 4 _aالملكة فريدة
650 0 4 _aمصر - تاريخ - العصر الاسلامى
942 _2ddc
_cBK
999 _c39348
_d39348